| 000 | 00597cam6a220021700 4500 | ||
|---|---|---|---|
| 001 | zam00001891 | ||
| 008 | 951128s1961 xx eng u | ||
| 035 | _a(Sirsi) r19271 | ||
| 035 | _a(MACHINE)SLC. | ||
| 100 |
_aConference of African states. _6A80062.1 |
||
| 245 | 1 | 0 | _aFinal report. |
| 260 | _c1961. | ||
| 949 |
_aL106 _wlcc _mMAIN _p2500 _tSHORTLOAN _lSHORTLOAN |
||
| 004 | 19271 | ||
| 591 | _aClass code: ED 110. | ||
| 591 | _aCourse: Education and development. | ||
| 591 | _aSchool: S03. | ||
| 591 | _aLecturer: Dr. KALUMBA, H. | ||
| 591 | _aNumber of Students: 236. | ||
| 909 | _aBook | ||
| 999 |
_c8220 _d8220 |
||